Konkurencieschopnosť slovenských kúpeľov

Interné faktory rastu konkurencieschopnosti slovenských kúpeľov. Efektívna konkurenčná stratégia orientovaná na klienta. Voľba správnej marketingovej stratégie. Inovácie a vzdelávanie zamestnancov v kúpeľníctve. Finančná sila ako jedna z faktorov konkurencieschopnosti. Strategická spolupráca podnik...

Descrizione completa

Salvato in:
Dettagli Bibliografici
Autore principale: Pavlík, Adrián
Natura: Capitolo di libro
Lingua:slovacco
Soggetti:
Tags: Aggiungi Tag
Nessun Tag, puoi essere il primo ad aggiungerne!!

MARC

LEADER 00000naa$a2200000$$$4500
001 0048840
005 20240502071548.5
041 0 |a slo 
044 |a SK 
245 1 0 |a Konkurencieschopnosť slovenských kúpeľov 
520 |a Interné faktory rastu konkurencieschopnosti slovenských kúpeľov. Efektívna konkurenčná stratégia orientovaná na klienta. Voľba správnej marketingovej stratégie. Inovácie a vzdelávanie zamestnancov v kúpeľníctve. Finančná sila ako jedna z faktorov konkurencieschopnosti. Strategická spolupráca podnikov cestovného ruchu. Racionalizácia v inováciách. 
610 2 0 |a ruch cestovný kúpeľný 
610 2 0 |a kúpeľníctvo 
610 2 0 |a konkurencieschopnosť 
610 2 0 |a klienti 
610 2 0 |a manažment 
610 2 0 |a riadenie strategické 
610 2 0 |a marketing 
610 2 0 |a starostlivosť o zákazníkov 
610 2 0 |a inovácia 
610 2 0 |a racionalizácia 
610 2 0 |a zdroje finančné 
100 1 |a Pavlík, Adrián